[Event "4NCL 2014-15"]
[Site "Hinckley Island ENG"]
[Date "2015.01.11"]
[Round "4.181"]
[White "Zakarian, David"]
[Black "Wallace, John Paul"]
[Result "0-1"]
[WhiteTitle "FM"]
[BlackTitle "IM"]
[WhiteElo "2394"]
[BlackElo "2388"]
[WhiteTeam "Oxford 1"]
[BlackTeam "Cambridge University 1"]
[WhiteFideId "13301276"]
[BlackFideId "3200957"]
[EventDate "2014.11.15"]

1. e4 c5 2. Nf3 d6 3. d4 cxd4 4. Nxd4 Nf6 5. Nc3 a6 6. Qf3 g6 7. h3 Qb6 8. Nb3
Bg7 9. Be3 Qc7 10. g4 Be6 11. O-O-O Nc6 12. Qg2 Nd7 13. f4 Bxc3 14. bxc3 f6 15.
f5 Bf7 16. g5 O-O-O 17. Kb2 Kb8 18. gxf6 Nxf6 19. Bd3 Rc8 20. Rhe1 gxf5 21. exf5
Nd5 22. Qg7 Nxe3 23. Rxe3 Ne5 24. Bf1 Rcg8 25. Qh6 Rg1 26. Kc1 Bc4 27. Qf4 Rxf1
28. Rxf1 Bxf1 29. Qxf1 Rg8 30. Qe1 Qb6 31. Rg3 Rf8 32. Nd4 Qa5 33. Kb1 Rc8 34.
Nb3 Qb5 35. Ka1 Nc4 36. Qg1 Qxf5 37. Nd4 Qa5 38. Qb1 Ka8 39. Qb4 Qd5 40. a4 e5 0-1

[Event "4NCL 2014-15"]
[Site "Hinckley Island ENG"]
[Date "2015.01.11"]
[Round "4.182"]
[White "Camus de Solliers, Guillaume"]
[Black "Tan, Justin2"]
[Result "0-1"]
[WhiteTitle "FM"]
[BlackTitle "FM"]
[WhiteElo "2361"]
[BlackElo "2366"]
[WhiteTeam "Cambridge University 1"]
[BlackTeam "Oxford 1"]
[WhiteFideId "631256"]
[BlackFideId "3206882"]
[EventDate "2014.11.15"]

1. d4 Nf6 2. c4 e6 3. Nf3 d5 4. Bg5 dxc4 5. Nc3 Bb4 6. e3 b5 7. a4 c6 8. Nd2 Bb7
9. axb5 Bxc3 10. bxc3 cxb5 11. Rb1 Bc6 12. Be2 a6 13. Bf3 h6 14. Bh4 Bxf3 15.
Qxf3 Qd5 16. e4 Qh5 17. Qf4 Nbd7 18. Bxf6 Nxf6 19. Qd6 Qg5 20. f4 Qxg2 21. Rf1
Qxd2+ 0-1

[Event "4NCL 2014-15"]
[Site "Hinckley Island ENG"]
[Date "2015.01.11"]
[Round "4.183"]
[White "Harvey, Marcus R"]
[Black "Haria, Ravi"]
[Result "1/2-1/2"]
[WhiteTitle "FM"]
[WhiteElo "2322"]
[BlackElo "2132"]
[WhiteTeam "Oxford 1"]
[BlackTeam "Cambridge University 1"]
[WhiteFideId "400092"]
[BlackFideId "415820"]
[EventDate "2014.11.15"]

1. Nf3 e6 2. b3 Nf6 3. Bb2 Be7 4. h3 d5 5. g4 c5 6. e3 Nc6 7. Rg1 d4 8. Bb5 Bd7
9. c3 dxe3 10. dxe3 Qc7 11. g5 Ne4 12. Bd3 Nd6 13. c4 O-O-O 14. a3 f6 15. Qc2
Nf7 16. gxf6 Bxf6 17. Bxf6 gxf6 18. Nc3 Qa5 19. Ke2 Nce5 20. Nxe5 Nxe5 21. Be4
f5 22. Bh1 Be8 23. f4 Bh5+ 24. Kf1 Nf3 25. Bxf3 Bxf3 26. Kf2 Bc6 27. Rab1 Qc7
28. b4 Qe7 29. Kg3 b6 30. Kh2 Rd7 31. b5 Bb7 32. Rbd1 Rxd1 33. Nxd1 Rd8 34. Nf2
Qf6 35. a4 Kb8 36. Rd1 Rg8 37. Rg1 Rd8 38. Rd1 Rg8 39. Rg1 Rxg1 40. Kxg1 Qg7+
41. Kf1 Bf3 42. Nd3 Qg3 43. Ne1 Qxh3+ 44. Kf2 Be4 45. Qc3 Qh4+ 46. Ke2 Qe7 47.
Nf3 Bxf3+ 48. Kxf3 Kb7 49. Qh8 Qd7 50. Kg3 Qf7 51. Kf2 1/2-1/2

[Event "4NCL 2014-15"]
[Site "Hinckley Island ENG"]
[Date "2015.01.11"]
[Round "4.184"]
[White "Bisby, Daniel L"]
[Black "Savage, Ben D M"]
[Result "1/2-1/2"]
[WhiteTitle "FM"]
[BlackTitle "FM"]
[WhiteElo "2318"]
[BlackElo "2265"]
[WhiteTeam "Cambridge University 1"]
[BlackTeam "Oxford 1"]
[WhiteFideId "404586"]
[BlackFideId "405914"]
[EventDate "2014.11.15"]

1. e4 d5 2. exd5 Qxd5 3. Nc3 Qd6 4. d4 Nf6 5. Nf3 c6 6. g3 Bg4 7. Bg2 e6 8. O-O
Be7 9. Bf4 Qd8 10. h3 Bh5 11. g4 Bg6 12. Ne5 Nbd7 13. Nxg6 hxg6 14. Ne2 Nb6 15.
Qd3 Bd6 16. Rfe1 Nbd5 17. Bxd6 Qxd6 18. c4 Ne7 19. b4 Rd8 20. a4 O-O 21. Qb3 Rd7
22. a5 1/2-1/2

[Event "4NCL 2014-15"]
[Site "Hinckley Island ENG"]
[Date "2015.01.11"]
[Round "4.185"]
[White "Rose, Matthew"]
[Black "Eckersley-Waites, Adam"]
[Result "1/2-1/2"]
[WhiteElo "2309"]
[BlackElo "2268"]
[WhiteTeam "Oxford 1"]
[BlackTeam "Cambridge University 1"]
[WhiteFideId "407941"]
[BlackFideId "411698"]
[EventDate "2014.11.15"]

1. e4 c5 2. c3 Nf6 3. e5 Nd5 4. d4 e6 5. Nf3 cxd4 6. cxd4 d6 7. Bc4 Nc6 8. O-O
Be7 9. exd6 Qxd6 10. Nc3 O-O 11. Bd3 Rd8 12. Ne4 Qc7 13. Nfg5 f5 14. Qh5 Bxg5
15. Nxg5 Nf6 16. Qh3 Nxd4 17. Rd1 e5 18. Bd2 b5 19. Rac1 Qb7 20. Ba5 Rd7 21. Bc3
h6 22. Bxd4 Rxd4 23. Nf3 f4 24. Bf5 Bxf5 25. Qxf5 Rxd1+ 26. Rxd1 e4 27. Ne5 Re8
28. Nd7 Qc6 29. Qg6 Rd8 30. Nxf6+ Qxf6 31. Rxd8+ Qxd8 32. Qe6+ Kh8 33. h3 Qd1+
34. Kh2 Qd4 35. Qc8+ Kh7 36. Qf5+ Kg8 37. Qxf4 Qxb2 38. Qb8+ 1/2-1/2

[Event "4NCL 2014-15"]
[Site "Hinckley Island ENG"]
[Date "2015.01.11"]
[Round "4.186"]
[White "Lee, Richard W Y"]
[Black "Dickenson, Neil F"]
[Result "0-1"]
[BlackTitle "FM"]
[WhiteElo "2147"]
[BlackElo "2289"]
[WhiteTeam "Cambridge University 1"]
[BlackTeam "Oxford 1"]
[WhiteFideId "418781"]
[BlackFideId "401897"]
[EventDate "2014.11.15"]

1. e4 d6 2. d4 Nf6 3. Nc3 g6 4. Nf3 Bg7 5. h3 c5 6. Be3 cxd4 7. Nxd4 Nc6 8. Be2
Bd7 9. O-O O-O 10. Nb3 a5 11. a4 Nb4 12. Qd2 Rc8 13. f3 Be6 14. Nd4 Bc4 15. Rfd1
Nd7 16. Rac1 Bxe2 17. Ncxe2 Na6 18. Kh1 Nac5 19. b3 b6 20. Nc3 Nf6 21. Nd5 Nfxe4
22. fxe4 Nxe4 23. Qe1 e6 24. Nxe6 fxe6 25. Bxb6 Nf2+ 26. Bxf2 exd5 27. Rxd5 Be5
28. Bd4 Bxd4 29. Qe6+ Kh8 30. Rxd4 Qg5 31. Rcd1 Rxc2 32. Rg4 Qc5 33. Qxd6 Rf1+
34. Kh2 Qg1+ 35. Kg3 Rxg2+ 36. Kh4 Qf2+ 37. Rg3 g5+ 38. Kh5 Qf7+ 39. Kxg5 Rf5+
40. Kg4 Qh5# 0-1

[Event "4NCL 2014-15"]
[Site "Hinckley Island ENG"]
[Date "2015.01.11"]
[Round "4.187"]
[White "Eckersley-Waites, Tom"]
[Black "McClement, Andrew"]
[Result "1-0"]
[WhiteElo "2282"]
[BlackElo "2202"]
[WhiteTeam "Oxford 1"]
[BlackTeam "Cambridge University 1"]
[WhiteFideId "412449"]
[BlackFideId "2400480"]
[EventDate "2014.11.15"]

1. e4 c5 2. Nf3 d6 3. Bb5+ Bd7 4. Bxd7+ Qxd7 5. O-O Nf6 6. Qe2 Nc6 7. Rd1 g5 8.
c3 g4 9. Nh4 Qe6 10. d3 O-O-O 11. Be3 d5 12. Bxc5 dxe4 13. d4 b6 14. Ba3 Nh5 15.
Nd2 f5 16. Nf1 Bh6 17. d5 Rxd5 18. Qc4 Re5 19. Qxe6+ Rxe6 20. Nxf5 Bg5 21. N1e3
Rf8 22. Rd5 Ne5 23. Nd4 Rff6 24. Nxe6 Rxe6 25. Nxg4 1-0

[Event "4NCL 2014-15"]
[Site "Hinckley Island ENG"]
[Date "2015.01.11"]
[Round "4.188"]
[White "Chevannes, Sabrina L"]
[Black "Matta, Francesca"]
[Result "1-0"]
[WhiteTitle "WIM"]
[WhiteElo "2173"]
[BlackElo "1921"]
[WhiteTeam "Cambridge University 1"]
[BlackTeam "Oxford 1"]
[WhiteFideId "411280"]
[BlackFideId "818780"]
[EventDate "2014.11.15"]

1. d4 d5 2. Bf4 Nc6 3. e3 Bf5 4. c3 e6 5. Nf3 Bd6 6. Bg3 Nf6 7. Nh4 Bxb1 8. Rxb1
Ne7 9. Qb3 Bxg3 10. hxg3 Qc8 11. Bd3 O-O 12. Qc2 c5 13. Nf3 Ng6 14. Ne5 c4 15.
Be2 b5 16. Bf3 a5 17. Rh3 b4 18. Ke2 Rb8 19. g4 Nd7 20. Nxg6 hxg6 21. Rbh1 f5
22. gxf5 gxf5 23. Bh5 Rd8 24. g4 bxc3 25. bxc3 Qb7 26. gxf5 Qb2 27. Kd2 Qa3 28.
Bg6 Kf8 29. Rb1 Ke7 30. Rhh1 Nf6 31. fxe6 Ne4+ 32. Bxe4 dxe4 33. Rxb8 Rxb8 34.
Rb1 Rxb1 35. Qxb1 Kxe6 36. Qxe4+ Kf7 37. Qc2 Ke6 38. f4 Qd6 39. Qg6+ Kd7 40.
Qxg7+ Kc6 41. Qg2+ Kd7 42. Qb7+ Ke6 43. Qc8+ Ke7 44. Qc5 Qxc5 45. dxc5 Kd7 46.
f5 1-0

[Event "4NCL 2014-15"]
[Site "Hinckley Island ENG"]
[Date "2015.02.14"]
[Round "5.151"]
[White "Wallace, John Paul"]
[Black "Jones, Gawain C B"]
[Result "0-1"]
[WhiteTitle "IM"]
[BlackTitle "GM"]
[WhiteElo "2388"]
[BlackElo "2671"]
[WhiteTeam "Cambridge University 1"]
[BlackTeam "Guildford 1"]
[WhiteFideId "3200957"]
[BlackFideId "409561"]
[EventDate "2014.11.15"]

1. d4 Nf6 2. c4 e6 3. Nc3 Bb4 4. e3 O-O 5. Bd3 d5 6. cxd5 exd5 7. Ne2 Bd6 8. Bd2
Re8 9. Rc1 Na6 10. a3 c5 11. Nb5 Bf8 12. dxc5 Nxc5 13. Bb4 b6 14. Ned4 a6 15.
Nc3 a5 16. Bxc5 bxc5 17. Nde2 Bb7 18. O-O Rc8 19. Bf5 Rc6 20. Qa4 Rb6 21. Qc2 g6
22. Bh3 d4 23. Rfd1 Rd6 24. Qb3 dxc3 25. Rxd6 Qxd6 26. Qxb7 Rb8 27. Qa7 cxb2 28.
Rb1 Qd3 0-1

[Event "4NCL 2014-15"]
[Site "Hinckley Island ENG"]
[Date "2015.02.14"]
[Round "5.152"]
[White "Edouard, Romain"]
[Black "Haria, Ravi"]
[Result "1-0"]
[WhiteTitle "GM"]
[WhiteElo "2638"]
[BlackElo "2132"]
[WhiteTeam "Guildford 1"]
[BlackTeam "Cambridge University 1"]
[WhiteFideId "633429"]
[BlackFideId "415820"]
[EventDate "2014.11.15"]

1. d4 e6 2. c4 d5 3. Nc3 Nf6 4. Nf3 Bb4 5. cxd5 exd5 6. Bg5 Nbd7 7. Rc1 O-O 8.
e3 c5 9. dxc5 Qa5 10. a3 Bxc3+ 11. Rxc3 Ne4 12. b4 Nxc3 13. Qa1 Qa4 14. Qxc3 a5
15. b5 h6 16. Bf4 Nf6 17. Nd4 Ne4 18. Qc1 Bd7 19. f3 Nxc5 20. Qxc5 Rfc8 21. Bc7
b6 22. Qxd5 Qxa3 23. Kf2 Qc1 24. Bc4 Qxh1 25. Qxf7+ Kh8 26. Be5 Rg8 27. Qg6 1-0

[Event "4NCL 2014-15"]
[Site "Hinckley Island ENG"]
[Date "2015.02.14"]
[Round "5.154"]
[White "Van Kampen, Robin"]
[Black "Eckersley-Waites, Adam"]
[Result "1-0"]
[WhiteTitle "GM"]
[WhiteElo "2615"]
[BlackElo "2268"]
[WhiteTeam "Guildford 1"]
[BlackTeam "Cambridge University 1"]
[WhiteFideId "1020854"]
[BlackFideId "411698"]
[EventDate "2014.11.15"]

1. e4 c5 2. Nf3 d6 3. Bb5+ Bd7 4. Bxd7+ Qxd7 5. c4 Nf6 6. Nc3 g6 7. d4 cxd4 8.
Nxd4 Bg7 9. f3 O-O 10. Be3 Nc6 11. O-O a6 12. a4 Rfc8 13. b3 e6 14. Rc1 Qe7 15.
Qd2 Nd7 16. Rfd1 Nc5 17. Rb1 Nb4 18. Nce2 a5 19. Bg5 f6 20. Bh4 Rd8 21. Nc2 Nbd3
22. Qe3 g5 23. Bg3 Ne5 24. Ncd4 Rd7 25. Rd2 Rad8 26. Qc3 b6 27. Rbd1 Qf7 28. Qe3
h5 29. Nc3 h4 30. Be1 Ng6 31. Bf2 Bf8 32. Ncb5 Nf4 33. g3 Nh3+ 34. Kg2 Nxf2 35.
Qxf2 hxg3 36. hxg3 g4 37. Rh1 d5 38. exd5 exd5 39. Rh4 gxf3+ 40. Qxf3 dxc4 41.
bxc4 Ne6 42. Qf5 Ng5 43. Rf2 Bc5 44. Rg4 Qh5 45. Qe6+ Kh7 46. Qf5+ Kg8 47. Rff4
Re7 48. Rh4 Qe8 49. Qxf6 Re2+ 50. Rf2 Rxf2+ 51. Kxf2 Nf7 52. Rg4+ Kf8 53. Qg7+ 1-0

[Event "4NCL 2014-15"]
[Site "Hinckley Island ENG"]
[Date "2015.02.14"]
[Round "5.155"]
[White "Bukojemski, Adam"]
[Black "Lagarde, Maxime"]
[Result "1/2-1/2"]
[BlackTitle "GM"]
[WhiteElo "2224"]
[BlackElo "2581"]
[WhiteTeam "Cambridge University 1"]
[BlackTeam "Guildford 1"]
[WhiteFideId "1114620"]
[BlackFideId "662399"]
[EventDate "2014.11.15"]

1. e4 c5 2. Nf3 e6 3. d4 cxd4 4. Nxd4 Nf6 5. Nc3 d6 6. Be2 Nc6 7. O-O Be7 8. Kh1
Bd7 9. f4 a6 10. g4 h6 11. Bf3 Rc8 12. Be3 g5 13. fxg5 hxg5 14. Nxc6 Bxc6 15.
Bxg5 Nxg4 16. Bxg4 Bxg5 17. Bh5 Bf6 18. Qg4 Rxh5 19. Qxh5 Qe7 20. Rae1 Be5 21.
Rf3 Rc7 22. Rg1 Kd8 23. Rg8+ Be8 24. Qg5 Qxg5 25. Rxg5 f6 26. Rg8 Rh7 27. h3 Ke7
28. Kg1 Bc6 29. Rd3 Kf7 30. Rc8 Rh4 31. Kf2 Ke7 32. Rc7+ Kd8 33. Rg7 b5 34. a3
f5 35. Rg8+ Kc7 36. exf5 exf5 37. Rg5 Be4 38. Nxe4 fxe4 39. Rb3 Rh7 40. Ke3
Rxh3+ 41. Kxe4 Rxb3 42. cxb3 Bxb2 43. a4 bxa4 44. bxa4 Ba3 1/2-1/2

[Event "4NCL 2014-15"]
[Site "Hinckley Island ENG"]
[Date "2015.02.14"]
[Round "5.156"]
[White "Le Roux, Jean-Pierre"]
[Black "McClement, Andrew"]
[Result "1-0"]
[WhiteTitle "GM"]
[WhiteElo "2539"]
[BlackElo "2202"]
[WhiteTeam "Guildford 1"]
[BlackTeam "Cambridge University 1"]
[WhiteFideId "609404"]
[BlackFideId "2400480"]
[EventDate "2014.11.15"]

1. d4 Nf6 2. Nf3 e6 3. g3 c5 4. Bg2 d5 5. O-O Nc6 6. c4 cxd4 7. Nxd4 Bc5 8. Nb3
Be7 9. cxd5 Nxd5 10. Na3 O-O 11. Nc4 Bf6 12. a3 Qc7 13. Bd2 Rd8 14. Rc1 Bd7 15.
Bxd5 exd5 16. Bf4 Qxf4 17. gxf4 dxc4 18. Rxc4 Be6 19. Qc2 Bxc4 20. Qxc4 Bxb2 21.
Nc5 Bxa3 22. Nxb7 Rdc8 23. Qa6 Bf8 24. Rc1 Nd4 25. Rxc8 Rxc8 26. e3 Rc1+ 27. Kg2
Nc6 28. Kf3 Rc2 29. Qa1 h6 30. Qb1 Rc3 31. Ke2 a5 32. Qb5 Rc2+ 33. Kd1 Nb4 34.
Qe8 a4 35. Qxa4 Rxf2 36. Qd7 Nc2 37. Qe8 g5 38. Nd8 Nxe3+ 39. Qxe3 Rxf4 40. Nc6
Bg7 41. Ke2 Bf6 42. Qe8+ Kg7 43. Nb8 Bb2 44. Nd7 Bd4 45. Kd3 Bb2 46. h3 Ba1 47.
Ke2 Bd4 48. Qe7 Bb2 49. h4 gxh4 50. Qf8+ Kh7 51. Qb8 Rg4 52. Qc8 Rg2+ 53. Kf1 h3
54. Nf8+ Kg7 55. Qxh3 Rg5 56. Nd7 Bd4 57. Ke2 Bb2 58. Qb3 Bf6 59. Qb4 Rf5 60.
Qe4 Rg5 61. Kf3 Bc3 62. Qa8 Rh5 63. Ke4 Bf6 64. Qf8+ Kg6 65. Qd6 Rf5 66. Nf8+
Kg5 67. Qg3+ 1-0

[Event "4NCL 2014-15"]
[Site "Hinckley Island ENG"]
[Date "2015.02.14"]
[Round "5.158"]
[White "Hebden, Mark L"]
[Black "Spencer, Carl J"]
[Result "1-0"]
[WhiteTitle "GM"]
[WhiteElo "2498"]
[BlackElo "2194"]
[WhiteTeam "Guildford 2"]
[BlackTeam "Cambridge University 1"]
[WhiteFideId "400084"]
[BlackFideId "412171"]
[EventDate "2014.11.15"]

1. d4 Nf6 2. Nf3 e6 3. e3 b6 4. Bd3 Bb7 5. O-O Be7 6. b3 c5 7. Bb2 O-O 8. c4 d6
9. Nc3 Nbd7 10. d5 exd5 11. cxd5 a6 12. a4 Re8 13. e4 Ng4 14. Nd2 Nge5 15. Be2
Bf6 16. Kh1 Nf8 17. f4 Neg6 18. Bd3 Bd4 19. Nc4 Rb8 20. Qh5 f6 21. Rae1 Bc8 22.
Ne3 b5 23. axb5 axb5 24. Nc2 Bxc3 25. Bxc3 Qc7 26. e5 dxe5 27. f5 Qf7 28. fxg6
hxg6 29. Qf3 Rd8 30. Bxe5 Rb7 31. Bb2 c4 32. Be4 f5 33. Qg3 Ra7 34. bxc4 bxc4
35. Bd4 Ra4 36. Bf3 Bb7 37. d6 f4 38. Bxb7 Qxb7 39. Qxf4 Qd5 40. Re7 1-0

[Event "4NCL 2014-15"]
[Site "Hinckley Island ENG"]
[Date "2015.02.14"]
[Round "5.161"]
[White "Howell, David W L"]
[Black "Sanders, Isaac B"]
[Result "1-0"]
[WhiteTitle "GM"]
[BlackTitle "FM"]
[WhiteElo "2670"]
[BlackElo "2305"]
[WhiteTeam "Cheddleton 1"]
[BlackTeam "Barbican 4NCL 1"]
[WhiteFideId "410608"]
[BlackFideId "417661"]
[EventDate "2014.11.15"]

1. c4 f5 2. Nc3 Nf6 3. g3 g6 4. Bg2 Bg7 5. d3 Nc6 6. e4 d6 7. Nge2 O-O 8. O-O e5
9. Nd5 Be6 10. Bg5 Qd7 11. Rc1 Rf7 12. Bxf6 Bxf6 13. Nxf6+ Rxf6 14. d4 exd4 15.
Nxd4 fxe4 16. Bxe4 Bh3 17. Re1 Raf8 18. f4 Bg4 19. Qd2 Kh8 20. Rc3 Nxd4 21. Qxd4
Qg7 22. Qd2 Bh3 23. Bg2 Bxg2 24. Kxg2 R6f7 25. h4 Qf6 26. Rce3 Kg8 27. R1e2 Qf5
28. Qd4 a6 29. b3 b6 30. Re6 Qg4 31. Qd5 Kh8 32. Qd4+ Kg8 33. Re8 Qf5 34. R8e3
Qg4 35. Re8 Qf5 36. R8e4 Qg4 37. Re1 Qf5 38. R1e3 Qa5 39. Re2 Qf5 40. Re1 Qg4
41. Qd5 Qf5 42. Kf3 Qf6 43. Re6 Qf5 44. Qd4 Qh5+ 45. Kf2 Qg4 46. Re8 Qf5 47.
Rxf8+ Rxf8 48. Re7 Rf7 49. Re8+ Rf8 50. Qd5+ Kg7 51. Qd4+ Kg8 52. Rxf8+ Qxf8 53.
g4 Qe7 54. g5 Qd7 55. Qd5+ Kg7 56. Qd4+ Kg8 57. Qd5+ Kg7 58. Qe4 Kf7 59. Kg3 Qe6
60. Qd5 Ke7 61. Qd2 Kf7 62. Qc3 Kg8 63. Qf3 Kf7 64. h5 Qe1+ 65. Kh3 gxh5 66.
Qxh5+ Kg7 67. Qf3 Qg1 68. Qc3+ Kg8 69. Qd3 Kg7 70. Qc3+ Kg8 71. Qd3 Kg7 72. Qe4
Qf1+ 73. Kg3 Qg1+ 74. Kh3 Qf1+ 75. Kg4 Qd1+ 76. Kf5 Kf8 77. Kf6 Qa1+ 78. Ke6 Kg7
79. f5 1-0

[Event "4NCL 2014-15"]
[Site "Hinckley Island ENG"]
[Date "2015.02.14"]
[Round "5.162"]
[White "Buchicchio, Giampaolo"]
[Black "Hawkins, Jonathan"]
[Result "1/2-1/2"]
[WhiteTitle "FM"]
[BlackTitle "GM"]
[WhiteElo "2296"]
[BlackElo "2550"]
[WhiteTeam "Barbican 4NCL 2"]
[BlackTeam "Cheddleton 1"]
[WhiteFideId "811491"]
[BlackFideId "412686"]
[EventDate "2014.11.15"]

1. e4 c6 2. Nc3 d5 3. Nf3 Bg4 4. h3 Bxf3 5. Qxf3 Nf6 6. d4 dxe4 7. Qe3 Nbd7 8.
Nxe4 e6 9. Bd3 Nxe4 10. Qxe4 Nf6 11. Qh4 Nd5 12. Qxd8+ Rxd8 13. a3 Be7 14. Bd2
O-O 15. O-O-O Nc7 16. Bf4 Bd6 17. Bg5 Rd7 18. c4 b5 19. Be4 f6 20. Bxc6 Rdd8 21.
c5 fxg5 22. cxd6 Rxd6 23. Bf3 Nd5 24. Rhe1 Nf4 25. Re3 a6 26. Kc2 Kf7 27. Re5
Kf6 28. Rc5 Rfd8 29. Kc3 Ng6 30. Be4 Ne7 31. Rd3 1/2-1/2

[Event "4NCL 2014-15"]
[Site "Hinckley Island ENG"]
[Date "2015.02.14"]
[Round "5.163"]
[White "Hamitevici, Vladimir"]
[Black "Morrison, Graham SCO"]
[Result "1-0"]
[WhiteTitle "IM"]
[BlackTitle "FM"]
[WhiteElo "2446"]
[BlackElo "2364"]
[WhiteTeam "Cheddleton 1"]
[BlackTeam "Barbican 4NCL 2"]
[WhiteFideId "13902393"]
[BlackFideId "2400090"]
[EventDate "2014.11.15"]

1. d4 Nf6 2. c4 e6 3. Nc3 Bb4 4. Bg5 h6 5. Bh4 c5 6. d5 Bxc3+ 7. bxc3 d6 8. e3
e5 9. Qc2 Nbd7 10. Bd3 Qe7 11. f3 Kd8 12. Ne2 g5 13. Bg3 Kc7 14. h4 Re8 15. hxg5
hxg5 16. e4 Nf8 17. Qd2 Ng6 18. O-O-O Nf4 19. Bf2 Bd7 20. g3 Nxd3+ 21. Qxd3 Qf8
22. g4 Qg7 23. Be3 Rh8 24. Qd2 Rxh1 25. Rxh1 Rg8 26. Ng3 Ne8 27. Rh5 f6 28. Qh2
Qf7 29. Rh7 Rg7 30. Rh6 Kc8 31. Kd2 a6 32. Qh5 Qxh5 33. gxh5 Rg8 34. Rh7 b5 35.
cxb5 axb5 36. h6 Rf8 37. c4 b4 38. Nf5 Bxf5 39. exf5 Nc7 40. Ke1 Kb7 41. Bxc5
dxc5 42. d6 Kc6 43. dxc7 1-0

[Event "4NCL 2014-15"]
[Site "Hinckley Island ENG"]
[Date "2015.02.14"]
[Round "5.164"]
[White "Rogers, Jonathan W"]
[Black "Arkell, Keith C"]
[Result "1/2-1/2"]
[WhiteTitle "FM"]
[BlackTitle "GM"]
[WhiteElo "2277"]
[BlackElo "2497"]
[WhiteTeam "Barbican 4NCL 2"]
[BlackTeam "Cheddleton 1"]
[WhiteFideId "402052"]
[BlackFideId "400270"]
[EventDate "2014.11.15"]

1. e4 c6 2. d4 d5 3. e5 c5 4. c4 e6 5. Nf3 cxd4 6. Nxd4 Bb4+ 7. Nc3 Ne7 8. h4
Nbc6 9. a3 Bxc3+ 10. bxc3 Nxe5 11. Bf4 N5g6 12. Bg3 e5 13. h5 exd4 14. hxg6 Nxg6
15. Qxd4 O-O 16. cxd5 Re8+ 17. Be2 Ne7 18. Rd1 Nf5 19. Qd3 Qg5 20. Qb5 Re4 21.
d6 Be6 22. Qd3 Nxg3 23. fxg3 Qe5 24. Rh4 Bg4 25. Qxe4 Qxe4 26. Rxg4 Qe5 27. d7
Qxc3+ 28. Kf1 Rd8 29. Re4 Qc6 30. Re8+ Rxe8 31. d8=Q g6 32. Qd5 Qc3 33. Bc4 Qf6+
34. Kg1 Re7 35. Rf1 Qb6+ 36. Kh1 Qc7 37. Qd4 a6 38. Rd1 b5 39. Bf1 Re8 40. Kh2
Qc2 41. Qd3 Qc5 1/2-1/2

[Event "4NCL 2014-15"]
[Site "Hinckley Island ENG"]
[Date "2015.02.14"]
[Round "5.165"]
[White "Colovic, Aleksandar"]
[Black "Berry, Neil"]
[Result "1-0"]
[WhiteTitle "GM"]
[BlackTitle "FM"]
[WhiteElo "2477"]
[BlackElo "2225"]
[WhiteTeam "Cheddleton 1"]
[BlackTeam "Barbican 4NCL 2"]
[WhiteFideId "15000729"]
[BlackFideId "2400650"]
[EventDate "2014.11.15"]

1. e4 e5 2. Nf3 Nc6 3. Bb5 a6 4. Ba4 Nf6 5. Nc3 b5 6. Bb3 Be7 7. d3 d6 8. a3 O-O
9. O-O Bg4 10. Be3 Qd7 11. h3 Be6 12. Nd5 Bd8 13. Ba2 Bxd5 14. exd5 Ne7 15. c4
Nf5 16. Bd2 e4 17. dxe4 Nxe4 18. Ba5 Bf6 19. Qc2 Rfe8 20. Rae1 Nc5 21. b4 Nb7
22. Bxc7 bxc4 23. Bb6 c3 24. Bb3 Rxe1 25. Rxe1 Qb5 26. Qxf5 Qxb6 27. Bc2 Kf8 28.
Ng5 Bxg5 29. Qxh7 f5 30. Qh8+ Kf7 31. Qxa8 Nd8 32. Qc8 Bf6 33. Qd7+ Kg8 34. Re8+
Kh7 35. Qxf5+ Kh6 36. Rh8# 1-0

[Event "4NCL 2014-15"]
[Site "Hinckley Island ENG"]
[Date "2015.02.14"]
[Round "5.166"]
[White "Navarro Cia, Miguel"]
[Black "Eggleston, David J"]
[Result "1/2-1/2"]
[WhiteTitle "FM"]
[BlackTitle "IM"]
[WhiteElo "2270"]
[BlackElo "2424"]
[WhiteTeam "Barbican 4NCL 2"]
[BlackTeam "Cheddleton 1"]
[WhiteFideId "2221497"]
[BlackFideId "412120"]
[EventDate "2014.11.15"]

1. e4 c5 2. Nf3 d6 3. d4 Nf6 4. Nc3 cxd4 5. Nxd4 a6 6. Be3 e5 7. Nb3 Be6 8. f3
h5 9. a4 Nbd7 10. Qd2 Rc8 11. Be2 Be7 12. O-O h4 13. a5 Nh5 14. Nd5 Bxd5 15.
Qxd5 Bg5 16. Bf2 Nf4 17. Qd1 Nf6 18. Bb6 Qd7 19. c3 N6h5 20. Bf2 Ng3 21. Nc1
Nfxe2+ 22. Nxe2 Nxf1 23. Kxf1 h3 24. g4 Qe6 25. b3 g6 26. c4 Bh4 27. Bxh4 Rxh4
28. Ng3 Kf8 29. Qd2 Qf6 30. Ke2 Rh8 31. Rd1 Rc6 32. Qb4 Qe7 33. Nf1 f5 34. Ne3
fxe4 35. fxe4 Kg7 36. Rf1 Qd7 37. Kd3 Rcc8 38. g5 Rhf8 39. Qe1 Rxf1 40. Qxf1 Rf8
41. Qe1 Qd8 42. Qg3 Rh8 43. Nd5 Qxa5 44. Qf3 Qd8 45. Nf6 Qc8 46. Nh5+ Rxh5 1/2-1/2

[Event "4NCL 2014-15"]
[Site "Hinckley Island ENG"]
[Date "2015.02.14"]
[Round "5.167"]
[White "Williams, Simon K"]
[Black "O`Donnell, Conor"]
[Result "1-0"]
[WhiteTitle "GM"]
[WhiteElo "2429"]
[BlackElo "2190"]
[WhiteTeam "Cheddleton 1"]
[BlackTeam "Barbican 4NCL 2"]
[WhiteFideId "404454"]
[BlackFideId "2504243"]
[EventDate "2014.11.15"]

1. d4 d5 2. c4 c6 3. cxd5 cxd5 4. Nc3 Nf6 5. Bf4 Nc6 6. e3 a6 7. Bd3 Bg4 8. Nf3
e6 9. Qb3 Bxf3 10. gxf3 Ra7 11. Rc1 Nh5 12. Bg3 Be7 13. Na4 O-O 14. Qb6 Qxb6 15.
Nxb6 Nxg3 16. hxg3 g6 17. Ke2 Rb8 18. Rc3 Bd8 19. Nd7 Rba8 20. Rhc1 b6 21. Rxc6
Rxd7 22. a4 Kg7 23. b3 Raa7 24. Rc8 h5 25. f4 Kf6 26. Rb8 Ke7 27. Rcc8 Bc7 28.
Re8+ Kf6 29. Rbc8 Re7 30. Rg8 Rd7 31. f3 Ke7 32. Rge8+ Kd6 33. e4 Re7 34. e5+
Kd7 35. Rf8 Kc6 36. b4 b5 37. a5 Kd7 38. Kf2 Kc6 39. Kg2 Kd7 40. Kh3 Kc6 41. Kh4
Rd7 42. Kg5 Kb7 43. Kf6 Kc6 44. Rce8 Rb7 45. Ra8 1-0